Statistics for European Geography By Letter - R

Click here to take the quiz!

General Stats

  • This quiz has been taken 33,753 times
    (2,203 since last reset)
  • The average score is 16 of 20

Answer Stats

Clue Answer % Correct
The largest country in Europe
(and also in Asia)
Russia
100%
Country just north of BulgariaRomania
98%
"The Eternal City"Rome
98%
Capital of LatviaRiga
94%
Dutch city with Europe's busiest portRotterdam
94%
World's northernmost capital cityReykjavík
93%
Currency of the aboveRuble
92%
River that once separated Germany
from the Roman Empire
Rhine
92%
English town that gave its name
to a popular sport
Rugby
89%
Type of intersection where cars go around
in a circle, popularized in the U.K.
Roundabout
89%
National flower of EnglandRose
88%
Greek island once home to a
Wonder of the World
Rhodes
86%
Urban agglomeration containing
Duisburg, Dortmund, and Essen
{Ruhr} Area
72%
River that goes from Lake Geneva
to the Mediterranean
Rhône
64%
Switzerland's fourth official languageRomansh
64%
Building where the
German Parliament meets
Reichstag
63%
Central Paris hotel whose name is
synonymous with luxury
Hôtel {Ritz}
55%
City of over 1,000,000 in
southwest Russia
{Rostov}-on-
Don
52%
City where Joan of Arc was executed;
Monet painted its cathedral
Rouen
45%
Circular road surrounding central Vienna{Ring}straße
41%

Score Distribution

Percentile by Number Answered

Percent of People with Each Score

Your Score History

You have not taken this quiz since the last reset